| 000 | 00394cam a22001097a 4500 | ||
|---|---|---|---|
| 008 | 180718b1965 xxu||||| |||| 00| 0 eng d | ||
| 082 | _aT2x5421 Ut8i | ||
| 245 |
_aIndustrial programmes in Uttar Pradesh during fourth plan _cby Directorate of Industries, Uttar Pradesh |
||
| 260 |
_aKanpur _bGovernment of Uttar Pradesh _c1965 |
||
| 300 | _a285+p | ||
| 700 | _aUttar Pradesh. Directorate of Industries | ||
| 999 |
_c497531 _d497531 |
||